Sports Quiz

Random Sports or Football Quiz

British based Ballon d'Or nominees Quiz Stats

 Plays Quiz not verified by Sporcle

Score 0/144 Timer 15:00
0 Plays Today
Details Player % Correct
Liverpool (01, 05, 07, 08, 09)Steven Gerrard
90.9%
Arsenal (00, 01, 02, 03, 04, 05, 06)Thierry Henry
88.9%
Manchester United (04, 07, 08, 09, 11, 12)Wayne Rooney
88.4%
Chelsea (04, 05, 06, 08, 09)Frank Lampard
88.3%
Manchester United (93, 97, 99, 07, 09)Ryan Giggs
86.6%
Manchester United (60, 61, 63, 65, 66, 67, 68, 69, 71)Sir Bobby Charlton
86%
Leeds United (68, 69)Jack Charlton
85.2%
Manchester United (97, 98, 99, 00, 01)David Beckham
84.9%
Manchester United (04, 05, 06, 07, 08)Cristiano Ronaldo
84.2%
Liverpool (98, 01, 02)Michael Owen
84%
Manchester United (99)Andy Cole
82.4%
Chelsea (05, 06, 09)John Terry
82%
Chelsea (04, 05, 06, 07, 08, 09, 10)Didier Drogba
81.4%
Manchester City (11, 12)Sergio Agüero
80.7%
Manchester United (67, 68, 69, 71)George Best
79.1%
Arsenal (97, 98)Dennis Bergkamp
76.7%
Manchester United (99, 00)Roy Keane
76.6%
Manchester United (02)Rio Ferdinand
76.5%
Blackburn Rovers (95) Newcastle United (96, 97)Alan Shearer
76.2%
Arsenal (07), Manchester United (12)Robin van Persie
73.2%
Manchester City (12)Yaya Touré
72.7%
Manchester United (99)Dwight Yorke
71.8%
Arsenal (07, 08, 09, 10)Cesc Fabregas
71%
Liverpool (08, 09)Fernando Torres
71%
West Ham United (64, 66, 68, 70, 71, 72, 73)Bobby Moore
70.4%
Manchester United (93, 94, 96)Eric Cantona
70.2%
Manchester United (62, 63, 64, 65, 66) Manchester City (73)Denis Law
69.5%
Manchester United (02, 04)Ruud van Nistelrooy
68.8%
Arsenal (95)Ian Wright
68%
Wolves (56, 57, 58)Billy Wright
67.9%
Livepool (78, 79, 80, 81, 83, 86)Kenny Dalglish
66.9%
Arsenal (02, 04)Patrick Vieira
65.9%
Liverpool (83, 84, 85, 86)Ian Rush
65.3%
Blackpool (56, 57)Sir Stanley Matthews
65.1%
Manchester United (08, 09)Nemanja Vidić
64.9%
Chelsea (97)Gianfranco Zola
63.7%
Manchester United (92, 93, 97)Peter Schmeichel
63.5%
Liverpool (76)Kevin Keegan
62.7%
Liverpool (11)Luis Suárez
62.3%
Tottenham Hotspur (89, 90, 91)Gary Lineker
60.8%
Manchester United (07)Carlos Tévez
60.5%
Chelsea (05, 07)Petr Čech
59.9%
Manchester United (91)Mark Hughes
59.8%
Liverpool (77)Emlyn Hughes
59.6%
Celtic (01)Henrik Larsson
59.2%
Manchester United (81, 83, 84, 85, 87)Bryan Robson
59%
Liverpool (05)Jamie Carragher
58.5%
Tottenham Hotspur (90)Paul Gascoigne
57.3%
Details Player % Correct
Arsenal (96)David Seaman
57.2%
Everton (66, 67, 68, 70)Alan Ball
56.2%
Nottingham Forest (77, 78, 80) Southampton (85) Derby County (87, 89)Peter Shilton
55.1%
Chelsea (60) Tottenham Hotspur (61, 62, 63, 64, 68)Jimmy Greaves
54.1%
Tottenham Hotspur (60)Bobby Smith
53.6%
Liverpool (87, 89)John Barnes
53.1%
Leicester City (66) Stoke City (70, 72)Gordon Banks
53%
Manchester United (56, 58)Duncan Edwards
52.8%
Arsenal (98)Emmanuel Petit
52.8%
Manchester United (08)Edwin van der Sar
52.6%
Manchester United (99)Jaap Stam
52.2%
West Ham United (66, 67, 70)Sir Geoff Hurst
51.4%
Tottenham Hotspur (99)David Ginola
51.2%
Arsenal (98)Marc Overmars
51%
Tottenham Hotspur (07)Dimitar Berbatov
50%
Chelsea (05, 07)Michael Essien
49.1%
Sunderland (10)Asamoah Gyan
48.8%
Tottenham Hotspur (94)Jürgen Klinsmann
48.6%
Manchester United (11)Nani
46.6%
Liverpool (01)Sami Hyypiä
46%
Chelsea (08)Michael Ballack
45.8%
Arsenal (08)Emmanuel Adebayor
45.3%
Manchester United (87) Aston Villa (90, 91, 93)Paul McGrath
43.7%
Chelsea (04)Ricardo Carvalho
42.3%
Manchester City (12)Mario Balotelli
42.2%
Aberdeen (83) Manchester United (84)Gordon Strachan
40.5%
Chelsea (98, 00)Marcel Desailly
40.5%
Scunthorpe (59)Ken Jones
40.3%
Liverpool (87)Peter Beardsley
40.1%
Chelsea (05)Claude Makélélé
40.1%
Liverpool (78)Graeme Souness
39.8%
Manchester United (01)Juan Sebastián Verón
38.9%
Manchester United (91)Gary Pallister
38.4%
Leeds United (69, 73, 74)Billy Bremner
38.1%
Nottingham Forest (79, 80)Trevor Francis
37.8%
Manchester United (00)Fabien Barthez
36.3%
Liverpool (05)Luis García
34.3%
Rangers (87)Ally McCoist
33.5%
Liverpool (04)Milan Baroš
33.4%
West Ham United (69)Martin Peters
33.1%
Aston Villa (90)David Platt
32.6%
Manchester City (69, 70, 71)Francis Lee
32.5%
Arsenal (06)Jens Lehmann
32.5%
Arsenal (09)Andrei Arshavin
32.2%
Celtic (67, 68, 69)Jimmy Johnstone
31.8%
Rangers (96) Chelsea (98)Brian Laudrup
29.8%
Middlesbrough (96)Fabrizio Ravanelli
29.3%
Everton (85)Peter Reid
29.1%
Details Player % Correct
Tottenham Hotspur (57, 58, 61)Danny Blanchflower
28.1%
Arsenal (99)Nwankwo Kanu
28%
Fulham (57, 58, 61)Johnny Haynes
27.8%
Arsenal (79)Liam Brady
27.6%
Nottingham Forest (80)Viv Anderson
27.3%
Ipswich Town (81)John Wark
26.5%
Everton (85, 88)Neville Southall
26.4%
Manchester United (83)Norman Whiteside
25.1%
West Ham United (77, 79, 81)Sir Trevor Brooking
24.2%
Liverpool (96)Patrik Berger
22.3%
Tottenham Hotspur (73, 75, 85)Pat Jennings
22%
Manchester United (57)Tommy Taylor
21.8%
Leeds United (95)Tony Yeboah
21%
Nottingham Forest (90)Des Walker
20.8%
Liverpool (80)Terry McDermott
19.9%
Liverpool (77)Ray Kennedy
19.8%
Everton (85)Gary Stevens
19.7%
Leeds United (72)Johnny Giles
19.5%
Leeds United (75)Peter Lorimer
17.8%
Newcastle United (94)Philippe Albert
16.9%
Chelsea (03)Adrian Mutu
16.3%
Nottingham Forest (78)Archie Gemmill
15.9%
Manchester United (81)Frank Stapleton
15.9%
Leeds United (77) Manchester United (79)Gordon McQueen
15.5%
Manchester United (96)Karel Poborský
15.4%
Celtic (84)Paul McStay
14.4%
Liverpool (02)El Hadji Diouf
13%
Manchester United (58)Harry Gregg
12.7%
Derby County (75)Colin Todd
12.1%
Celtic (67, 68)Tommy Gemmell
11.9%
Arsenal (80)David O'Leary
11.7%
Sunderland (65)Jim Baxter
11.6%
Liverpool (91)Dean Saunders
11.5%
Arsenal (92)John Jensen
11.5%
Liverpool (77)Steve Heighway
11.1%
Manchester United (84)Jesper Olsen
9.7%
Cardiff City (65)Ivor Allchurch
9.6%
Leeds United (70, 71)Terry Cooper
8.9%
Tottenham Hotspur (71)Martin Chivers
8.7%
Rangers (72)John Greig
8.4%
Manchester United (66)Tony Dunne
7.8%
Ipswich Town (81)Frans Thijssen
7.5%
Burnley (61)Jimmy McIlroy
6.3%
Liverpool (89)Glenn Hysen
6.2%
Queen’s Park Rangers (75)Don Givens
5.8%
Burnley (58)Colin McDonald
5.6%
Celtic (89)Pat Bonner
4.8%
Rangers (91)Alexei Mikhailichenko
2.9%

You're not logged in!

Compare scores with friends on all Sporcle quizzes.
OR
Log In

Show Comments

Extras

Top Quizzes Today


Score Distribution

Your Account Isn't Verified!

In order to create a playlist on Sporcle, you need to verify the email address you used during registration. Go to your Sporcle Settings to finish the process.

Report this User

Report this user for behavior that violates our Community Guidelines.

Details: